Islamic path: sufism, society and politics in India (Record no. 140657)

MARC details
000 -LEADER
fixed length control field 00377nam a2200145Ia 4500
008 - FIXED-LENGTH DATA ELEMENTS--GENERAL INFORMATION
fixed length control field 230917s9999||||xx |||||||||||||| ||und||
040 ## - CATALOGING SOURCE
-- 121507
Original cataloging agency VIVEKANANDA LIBRARY
041 ## - Language
-- English
082 ## - DDC NUMBER
Classification number 297.40954 I4I
100 ## - MAIN ENTRY--PERSONAL NAME
Personal name Jafri, S. Z. H
245 #0 - TITLE STATEMENT
Title Islamic path: sufism, society and politics in India
260 ## - PUBLICATION, DISTRIBUTION, ETC. (IMPRINT)
Place of publication, distribution, etc New Delhi
Name of publisher, distributor, etc Rainbow
Date of publication, distribution, etc 2006
300 ## - PHYSICAL DESCRIPTION
Pages 417p. p.
942 ## - ADDED ENTRY ELEMENTS (KOHA)
Koha item type Books
Holdings
Withdrawn status Lost status Damaged status Not for loan Location (home branch) Sublocation or collection (holding branch) Date acquired Koha issues (times borrowed) Koha full call number Accession No. Koha date last seen Koha item type
        VIVEKANANDA LIBRARY VIVEKANANDA LIBRARY 09/02/2009   297.40954 I4I 244874 17/09/2023 Books
© Designed and Maintained by Vivekananda Library, MDU Rohtak